Satellite news government procurement report

Detalles Bibliográficos
Formato: Electrónico Revista
Lenguaje:inglés
Publicado: Rockville, Maryland : Access Intelligence LLC
Materias:
Acceso en línea:Full text available from Research Library: 07/01/2004 to 09/08/2006

MARC

LEADER 00000nas a2200000 i 4500
001 ssj0001077903
003 WaSeSS
005 20200512172242.0
006 m d
007 cr n
008 140108u20uuuuuumdus| p|s|||||| |0eng d
035 |a (WaSeSS)ssj0001077903 
040 |a WaSeSS  |b eng  |c WaSeSS  |d WaSeSS 
050 1 4 |a TL796.A1 
245 0 0 |a Satellite news government procurement report  |h [electronic resource]. 
260 |a Rockville, Maryland :  |b Access Intelligence LLC 
310 |a Semimonthly 
506 |a License restrictions may limit access. 
588 |a Description based on: Volume 2 (7) (July 2004); title from title screen (ProQuest, viewed Jan. 7, 2014). 
588 |a Latest issue consulted: September 8, 2006 (viewed Jan. 7, 2014). 
650 0 |a Artificial satellites  |v Periodicals. 
655 0 |a Electronic journals. 
856 4 0 |z Full text available from Research Library: 07/01/2004 to 09/08/2006  |u https://search.proquest.com/publication/28493